00605 a2200181 4500003000400000005001700004008004100021020001800062040000900080082001800089100002000107245006100127260003900188300000900227942004200236952012800278999001700406OSt20231218143710.0231218b |||||||| |||| 00| 0 eng d a9789350723654 coclc a891.43bSHA/S aShailaja910170 aSAMKALIN HINDI KAHANI BADALTE JIVAN SANDARBH /cShailaja aNew Delhi:bVani Prakashan,c2017. a168p 2ddccBKh891.43iSHA/Sk891.43mSHA/S 00102ddc40708LITaMESbMEScHINd2023-12-18l0o891.43 SHA/Sp43111r2023-12-18 14:37:52v495.00w2023-12-18yBKzGR6R4 c43477d43477